Responses for Show #6630 - Friday, June 14, 2013

Contestants

[<< previous game]

Eric Maitland, a telecommunications supply attendant from San Diego, California

John Kimball, a software consultant from Parkville, Missouri

Matt Noble, a math professor originally from Mobile, Alabama (whose 1-day cash winnings total $12,390)

[next game >>]

Jeopardy! Round responses

HAVING FUN AROUND THE WORLD
WEIRD HISTORY
"U" KNOW IT
I HAVE A PARTICULAR SET OF SKILLS
A NIGHTMARE FOR PEOPLE LIKE YOU
LIAM NEESON
    $200 2
Stonehenge

Eric
    $200 16
under God

John
    $200 1
urban

Eric
    $200 21
[Eric's response of "firejumper" was originally ruled as incorrect, but this was reversed before the Double Jeopardy! round.]

smokejumper (or firejumper)

JohnEric
    $200 26
oxygen

Matt
    $200 11
Grace

Eric
    $400 3
Mount Fuji

John
    $400 17
Mexican-American War

Eric
    $400 7
ukulele

John
    $400 22
auctioneers

Matt
    $400 27
radiator

Eric
    $400 12
Schindler's List

Matt
    $600 4
the Sydney Opera House

John
    $600 18
Idi Amin

John
    $600 8
upheaval

John
    $600 23
drafter

John
    $600 28
laryngitis

John
    $600 13
Miami Vice

Eric
    $1,000 5
Prince Edward Island

John
    $800 19
(Alex: If you had a [*], you were going to be taxed.)

beard

Triple Stumper
    $800 9
ubiquitous

Matt
    $800 24
agent

Matt
    $800 29
the Pixies

Matt
    $800 14
...
(Alex: [*], Clash of the Titans.)

Zeus

John
    $1000 6
Atlantis

John
    $1000 20
Ptolemy

Eric
    $1000 10
uvula

Matt
    $1000 25
wood

Eric
    $1000 30
tomatoes

Eric
    $1000 15
Qui-Gon Jinn

Matt

Scores at the first commercial break (after clue 15):

Matt John Eric
$3,200 $4,800 $1,200

Scores at the end of the Jeopardy! Round:

Matt John Eric
$5,400 $7,000 $5,200

Double Jeopardy! Round responses

APOLLO 11
YOU SIX-Y THING
AUTHORS: BORN & DIED
A CASE OF A_D_D
(Alex: Each correct response will begin with an "A", and then there'll be some "D"'s in there, separated.)
TV TIME
VIOLIN MUSIC
    $400 30
July, 1969

John
    $400 6
shortstop

John
    $400 10
Hardy

Eric
    $400 17
abandoned

Eric
    $400 1
Downton Abbey

Matt
    $400 18
tarantella

Eric
    $800 9
Moon rocks

Eric
    $800 7
(Alex: [*]--[*] a-laying.)

geese

John
    $800 11
(Matt: Who is Aleksandr Solzhenitsyn?)
(Eric: Who is Novikov?)
...
(Aex: The author is [*]--500 works.)

Isaac Asimov

MattEric
Triple Stumper
    $800 23
absent-minded

Eric
    $800 2
Parks & Recreation

Eric
    $800 19
Gypsies

Matt
    $1200 20
the Sea of Tranquility

Matt
    $1200 8
quarks

Matt
    $3,000 12
(Alex: [*], the author of 2001: A Space Odyssey.)

(Arthur C.) Clarke

Eric
    $1200 27
an android

Matt
    $1200 3
Sherlock Holmes

Matt
    $1200 24
a lullaby

Eric
    $1600 21
(Eric: What is a Titan?)

a Saturn V

MattEric
    $1600 15
MI6

Eric
    $1600 13
Robert Louis Stevenson

Triple Stumper
    $1600 28
(Alex: The word we're looking for is [*] by the rules.)

abided

Triple Stumper
    $1600 4
The Biggest Loser

Eric
    $2,500 25
staccato

Eric
    $2000 22
the command module

John
    $2000 16
a circle

John
    $2000 14
(Albert) Camus

Matt
    $2000 29
abdicated

Eric
    $2000 5
Girls

Eric
    $2000 26
(Alex: It's called [*].)

an open string

Triple Stumper

Scores at the end of the Double Jeopardy! Round:

Matt John Eric
$14,200 $12,600 $20,300

[wagering suggestions for these scores]

Final Jeopardy! Round responses

THE UNITED NATIONS
JohnWhat is Kosovo?
$0
MattWhat is Kosovo?
$1,000
EricWhat is Kosovo?
$8,101
Kosovo

Final scores:

Matt John Eric
$15,200 $12,600 $28,401
2nd place: $2,000 3rd place: $1,000 New champion: $28,401

Game dynamics:

Coryat scores:

Matt John Eric
$14,200 $12,400 $17,600
16 R,
1 W
17 R
(including 1 DD),
0 W
23 R
(including 2 DDs),
2 W

Combined Coryat: $44,200

[game clues] [game scores] [suggest correction]

Game tape date: 2013-02-05
The J! Archive is created by fans, for fans. Scraping, republication, monetization, and malicious use prohibited; this site may use cookies and collect identifying information. See terms. The Jeopardy! game show and all elements thereof, including but not limited to copyright and trademark thereto, are the property of Jeopardy Productions, Inc. and are protected under law. This website is not affiliated with, sponsored by, or operated by Jeopardy Productions, Inc. Join the discussion at JBoard.tv.